[Event "ODJM C 2024"]
[Site "Willingen GER"]
[Date "2024.05.25"]
[Round "9"]
[White "Prokscha, Marlene"]
[Black "Moissl, Felix"]
[Result "1-0"]
[Termination "normal"]
[Board "6"]
[WhiteElo "1230"]
[BlackElo "1600"]
[WhiteClock "00:15:48"]
[BlackClock "00:48:24"]
[PlyCount "97"]
[WhiteFideId "34631291"]
[BlackFideId "34623574"]
[EventCountry "GER"]
[EventRounds "9"]
[EventType "swiss"]
[EventDate "2024.05.18"]

1. d4 {[%clk 01:30:57]} {[%emt 00:00:02]} d5 {[%clk 01:30:57]} {[%emt
00:00:03]} 2. Bf4 {[%clk 01:31:17]} {[%emt 00:00:11]} Bf5 {[%clk 01:31:13]}
{[%emt 00:00:14]} 3. Nf3 {[%clk 01:31:20]} {[%emt 00:00:26]} Nf6 {[%clk
01:31:10]} {[%emt 00:00:33]} 4. e3 {[%clk 01:30:38]} {[%emt 00:01:13]} e6
{[%clk 01:30:54]} {[%emt 00:00:46]} 5. Be2 {[%clk 01:30:17]} {[%emt 00:00:51]}
Bd6 {[%clk 01:29:54]} {[%emt 00:01:29]} 6. Bxd6 {[%clk 01:29:39]} {[%emt
00:01:08]} Qxd6 {[%clk 01:30:12]} {[%emt 00:00:12]} 7. c3 {[%clk 01:29:16]}
{[%emt 00:00:54]} Nbd7 {[%clk 01:29:35]} {[%emt 00:01:07]} 8. Nbd2 {[%clk
01:28:46]} {[%emt 00:01:01]} h6 {[%clk 01:28:06]} {[%emt 00:01:58]} 9. O-O
{[%clk 01:26:57]} {[%emt 00:02:19]} O-O {[%clk 01:27:41]} {[%emt 00:00:55]} 10.
c4 {[%clk 01:23:08]} {[%emt 00:04:19]} c6 {[%clk 01:24:30]} {[%emt 00:03:41]}
11. Re1 {[%clk 01:17:11]} {[%emt 00:06:27]} e5 {[%clk 01:22:23]} {[%emt
00:02:36]} 12. cxd5 {[%clk 01:11:56]} {[%emt 00:05:44]} cxd5 {[%clk 01:19:45]}
{[%emt 00:03:09]} 13. Bb5 {[%clk 01:10:50]} {[%emt 00:01:33]} e4 {[%clk
01:16:43]} {[%emt 00:03:36]} 14. Bxd7 {[%clk 01:06:32]} {[%emt 00:04:47]} Nxd7
{[%clk 01:13:05]} {[%emt 00:04:08]} 15. Nh4 {[%clk 01:05:41]} {[%emt 00:01:21]}
Be6 {[%clk 01:09:11]} {[%emt 00:04:25]} 16. a3 {[%clk 01:03:50]} {[%emt
00:02:21]} g5 {[%clk 01:06:00]} {[%emt 00:03:40]} 17. Qh5 {[%clk 01:00:28]}
{[%emt 00:03:00]} gxh4 {[%clk 01:06:00]} {[%emt 00:01:22]} 18. Qxh6 {[%clk
01:00:09]} {[%emt 00:00:49]} Qe7 {[%clk 01:05:45]} {[%emt 00:00:44]} 19. f3
{[%clk 00:58:23]} {[%emt 00:02:17]} Qf6 {[%clk 01:03:44]} {[%emt 00:02:31]} 20.
Qh5 {[%clk 00:54:47]} {[%emt 00:02:57]} Kg7 {[%clk 01:00:08]} {[%emt 00:05:15]}
21. fxe4 {[%clk 00:52:18]} {[%emt 00:02:59]} Rh8 {[%clk 00:59:30]} {[%emt
00:01:07]} 22. Qf3 {[%clk 00:51:25]} {[%emt 00:00:59]} Qxf3 {[%clk 00:59:25]}
23. gxf3 {[%clk 00:51:36]} {[%emt 00:01:19]} Rag8 {[%clk 00:58:05]} {[%emt
00:01:50]} 24. exd5 {[%clk 00:50:33]} {[%emt 00:01:34]} Bxd5 {[%clk 00:57:22]}
{[%emt 00:01:13]} 25. e4 {[%clk 00:50:20]} {[%emt 00:00:43]} Kf8+ {[%clk
00:56:52]} {[%emt 00:01:00]} 26. Kf2 {[%clk 00:49:58]} {[%emt 00:00:51]} Be6
{[%clk 00:56:21]} {[%emt 00:01:01]} 27. d5 {[%clk 00:48:41]} {[%emt 00:01:48]}
Bh3 {[%clk 00:56:29]} {[%emt 00:00:22]} 28. Rg1 {[%clk 00:45:49]} {[%emt
00:03:22]} Ne5 {[%clk 00:55:34]} {[%emt 00:01:25]} 29. b4 {[%clk 00:39:50]}
{[%emt 00:06:28]} Rxg1 {[%clk 00:54:47]} {[%emt 00:01:18]} 30. Rxg1 {[%clk
00:39:22]} {[%emt 00:00:58]} Rg8 {[%clk 00:54:58]} {[%emt 00:00:20]} 31. Rxg8+
{[%clk 00:39:05]} {[%emt 00:00:46]} Kxg8 {[%clk 00:55:21]} {[%emt 00:00:07]}
32. Ke3 {[%clk 00:37:51]} {[%emt 00:01:43]} Bd7 {[%clk 00:53:56]} {[%emt
00:01:54]} 33. Kd4 {[%clk 00:36:08]} {[%emt 00:02:14]} f6 {[%clk 00:52:51]}
{[%emt 00:01:35]} 34. Kc5 {[%clk 00:31:57]} {[%emt 00:04:33]} b5 {[%clk
00:49:14]} {[%emt 00:04:15]} 35. f4 {[%clk 00:29:09]} {[%emt 00:03:19]} Ng4
{[%clk 00:47:33]} {[%emt 00:02:09]} 36. Nf3 {[%clk 00:27:38]} {[%emt 00:02:02]}
h3 {[%clk 00:47:06]} {[%emt 00:00:57]} 37. Kd6 {[%clk 00:25:49]} {[%emt
00:02:20]} Be8 {[%clk 00:47:17]} {[%emt 00:00:18]} 38. Ke7 {[%clk 00:25:01]}
{[%emt 00:01:17]} Bg6 {[%clk 00:47:07]} {[%emt 00:00:42]} 39. f5 {[%clk
00:24:36]} {[%emt 00:00:54]} Bh5 {[%clk 00:47:16]} {[%emt 00:00:21]} 40. d6
{[%clk 00:24:22]} {[%emt 00:00:45]} Ne3 {[%clk 00:47:11]} {[%emt 00:00:35]} 41.
d7 {[%clk 00:21:59]} {[%emt 00:02:53]} Bxf3 {[%clk 00:46:59]} {[%emt 00:00:42]}
42. d8=Q+ {[%emt 00:00:12]} Kh7 {[%clk 00:47:21]} {[%emt 00:00:07]} 43. Kxf6
{[%clk 00:20:05]} {[%emt 00:02:41]} Ng4+ {[%clk 00:47:44]} {[%emt 00:00:08]}
44. Kf7 {[%clk 00:19:41]} {[%emt 00:00:53]} Ne5+ {[%clk 00:48:06]} {[%emt
00:00:10]} 45. Ke6 {[%emt 00:01:13]} Ng4 {[%clk 00:48:10]} {[%emt 00:00:01]}
46. Qh4+ {[%clk 00:18:32]} {[%emt 00:01:17]} Kg7 {[%clk 00:48:11]} {[%emt
00:00:32]} 47. Qg5+ {[%clk 00:18:04]} {[%emt 00:00:59]} Kh7 {[%clk 00:48:15]}
{[%emt 00:00:26]} 48. f6 {[%clk 00:15:26]} {[%emt 00:03:06]} a6 {[%clk
00:48:24]} {[%emt 00:00:23]} 49. Qg7+ {[%clk 00:15:48]} {[%emt 00:00:08]} 1-0

[Event "ODJM C 2024"]
[Site "Willingen GER"]
[Date "2024.05.25"]
[Round "9"]
[White "Nguyen, Oliver Dung"]
[Black "Stopp, Bruno"]
[Result "1/2-1/2"]
[Termination "normal"]
[Board "7"]
[WhiteElo "1017"]
[BlackElo "1249"]
[WhiteClock "00:37:43"]
[BlackClock "00:04:07"]
[PlyCount "136"]
[WhiteFideId "34664190"]
[BlackFideId "34640347"]
[EventCountry "GER"]
[EventRounds "9"]
[EventType "swiss"]
[EventDate "2024.05.18"]

1. e4 {[%clk 01:30:59]} c6 {[%clk 01:30:40]} {[%emt 00:00:20]} 2. Nf3 {[%clk
01:31:08]} {[%emt 00:00:22]} d5 {[%clk 01:31:00]} {[%emt 00:00:09]} 3. Nc3
{[%clk 01:31:34]} {[%emt 00:00:04]} Bg4 {[%clk 01:31:02]} {[%emt 00:00:28]} 4.
exd5 {[%clk 01:29:12]} {[%emt 00:02:52]} cxd5 {[%clk 01:30:34]} {[%emt
00:00:58]} 5. d4 {[%clk 01:29:37]} {[%emt 00:00:05]} e6 {[%clk 01:29:15]}
{[%emt 00:01:49]} 6. h3 {[%clk 01:29:40]} {[%emt 00:00:27]} Bxf3 {[%clk
01:28:09]} {[%emt 00:01:37]} 7. Qxf3 {[%clk 01:30:03]} {[%emt 00:00:06]} Nc6
{[%clk 01:28:04]} {[%emt 00:00:34]} 8. Bb5 {[%clk 01:29:08]} {[%emt 00:01:27]}
Qc7 {[%clk 01:28:10]} {[%emt 00:00:22]} 9. O-O {[%clk 01:28:07]} {[%emt
00:01:32]} Nf6 {[%clk 01:28:31]} {[%emt 00:00:09]} 10. Re1 {[%clk 01:28:09]}
{[%emt 00:00:28]} a6 {[%clk 01:26:50]} {[%emt 00:02:12]} 11. Ba4 {[%clk
01:27:17]} {[%emt 00:01:21]} b5 {[%clk 01:25:31]} {[%emt 00:01:50]} 12. Bb3
{[%clk 01:27:31]} {[%emt 00:00:16]} Nxd4 {[%clk 01:25:17]} {[%emt 00:00:44]}
13. Qd3 {[%clk 01:25:50]} {[%emt 00:02:07]} Nxb3 {[%clk 01:24:27]} {[%emt
00:01:24]} 14. axb3 {[%clk 01:26:12]} {[%emt 00:00:07]} b4 {[%clk 01:21:09]}
{[%emt 00:03:48]} 15. Nxd5 {[%clk 01:22:51]} {[%emt 00:03:51]} Nxd5 {[%clk
01:21:00]} {[%emt 00:00:39]} 16. Qxd5 {[%clk 01:23:14]} {[%emt 00:00:06]} Rd8
{[%clk 01:20:06]} {[%emt 00:01:25]} 17. Qe4 {[%clk 01:19:24]} {[%emt 00:04:19]}
a5 {[%clk 01:19:45]} {[%emt 00:00:53]} 18. Bf4 {[%clk 01:17:31]} {[%emt
00:02:22]} Bd6 {[%clk 01:19:29]} {[%emt 00:00:46]} 19. Bxd6 {[%clk 01:17:56]}
{[%emt 00:00:06]} Rxd6 {[%clk 01:17:59]} {[%emt 00:01:59]} 20. Qa8+ {[%clk
01:16:22]} {[%emt 00:02:04]} Rd8 {[%clk 01:18:20]} {[%emt 00:00:09]} 21. Qxa5
{[%clk 01:16:46]} {[%emt 00:00:06]} Qxc2 {[%clk 01:15:39]} {[%emt 00:03:11]}
22. Qb5+ {[%clk 01:16:48]} {[%emt 00:00:28]} Kf8 {[%clk 01:14:15]} {[%emt
00:01:54]} 23. Qxb4+ {[%clk 01:16:39]} {[%emt 00:00:40]} Kg8 {[%emt 00:01:19]}
24. Qc3 {[%clk 01:14:04]} {[%emt 00:03:03]} Qg6 {[%clk 01:12:43]} {[%emt
00:01:04]} 25. b4 {[%clk 01:13:52]} {[%emt 00:00:51]} h6 {[%clk 01:12:43]}
{[%emt 00:00:30]} 26. Qc7 {[%clk 01:06:46]} {[%emt 00:07:37]} Kh7 {[%clk
01:12:15]} {[%emt 00:00:57]} 27. Ra7 {[%clk 01:04:28]} {[%emt 00:02:48]} Rhf8
{[%clk 01:11:53]} {[%emt 00:00:53]} 28. b5 {[%clk 01:02:54]} {[%emt 00:02:04]}
Rc8 {[%clk 01:11:54]} {[%emt 00:00:29]} 29. Qe7 {[%clk 01:03:02]} {[%emt
00:00:20]} Qc2 {[%clk 01:04:57]} {[%emt 00:07:28]} 30. Qb4 {[%clk 01:00:21]}
{[%emt 00:03:12]} Kg8 {[%clk 01:01:46]} {[%emt 00:03:41]} 31. Rea1 {[%clk
00:57:08]} {[%emt 00:03:43]} Rc4 {[%clk 00:50:24]} {[%emt 00:11:51]} 32. Qa3
{[%clk 00:48:58]} {[%emt 00:08:40]} Qe4 {[%clk 00:48:59]} {[%emt 00:01:53]} 33.
b6 {[%clk 00:46:36]} {[%emt 00:02:55]} Rb4 {[%clk 00:43:34]} {[%emt 00:05:54]}
34. Qa6 {[%clk 00:43:17]} {[%emt 00:03:49]} Rxb2 {[%clk 00:42:20]} {[%emt
00:01:45]} 35. b7 {[%clk 00:43:15]} {[%emt 00:00:32]} Rb8 {[%clk 00:41:59]}
{[%emt 00:00:50]} 36. Rc1 {[%clk 00:36:32]} {[%emt 00:07:13]} R2xb7 {[%clk
00:39:10]} {[%emt 00:03:20]} 37. Rxb7 {[%clk 00:36:57]} {[%emt 00:00:04]} Qxb7
{[%clk 00:39:02]} {[%emt 00:00:39]} 38. Qxb7 {[%clk 00:37:22]} {[%emt
00:00:05]} Rxb7 {[%clk 00:39:26]} {[%emt 00:00:06]} 39. g3 {[%clk 00:37:44]}
{[%emt 00:00:08]} Kf8 {[%clk 00:38:32]} {[%emt 00:01:24]} 40. Kg2 {[%clk
00:38:01]} {[%emt 00:00:13]} Ke7 {[%clk 00:38:51]} {[%emt 00:00:11]} 41. Rd1
{[%clk 00:38:11]} {[%emt 00:00:19]} f5 {[%clk 00:38:53]} {[%emt 00:00:29]} 42.
Kf3 {[%clk 00:38:29]} {[%emt 00:00:12]} Kf6 {[%clk 00:39:14]} {[%emt 00:00:09]}
43. Re1 {[%clk 00:38:30]} {[%emt 00:00:29]} Rb3+ {[%clk 00:39:13]} {[%emt
00:00:32]} 44. Kg2 {[%clk 00:38:53]} {[%emt 00:00:06]} g5 {[%clk 00:38:42]}
{[%emt 00:01:01]} 45. Ra1 {[%clk 00:39:05]} {[%emt 00:00:18]} Rb8 {[%clk
00:34:55]} {[%emt 00:04:16]} 46. Ra6 {[%clk 00:39:21]} {[%emt 00:00:14]} Rd8
{[%clk 00:32:23]} {[%emt 00:03:03]} 47. Ra7 {[%clk 00:39:25]} {[%emt 00:00:26]}
Re8 {[%clk 00:31:10]} {[%emt 00:01:42]} 48. Ra6 {[%clk 00:39:30]} {[%emt
00:00:25]} Kf7 {[%clk 00:31:13]} {[%emt 00:00:27]} 49. Ra7+ {[%clk 00:39:47]}
{[%emt 00:00:14]} Re7 {[%clk 00:31:36]} {[%emt 00:00:08]} 50. Ra6 {[%clk
00:40:07]} {[%emt 00:00:09]} Kg7 {[%clk 00:31:43]} {[%emt 00:00:23]} 51. Kf3
{[%clk 00:40:31]} {[%emt 00:00:06]} e5 {[%clk 00:28:04]} {[%emt 00:04:09]} 52.
Ke3 {[%clk 00:40:21]} {[%emt 00:00:40]} Rb7 {[%clk 00:18:06]} {[%emt 00:10:27]}
53. Ra5 {[%clk 00:40:21]} {[%emt 00:00:31]} f4+ {[%clk 00:17:12]} {[%emt
00:01:24]} 54. gxf4 {[%clk 00:40:15]} {[%emt 00:00:35]} Rb3+ {[%clk 00:15:01]}
{[%emt 00:02:41]} 55. Ke4 {[%clk 00:40:23]} {[%emt 00:00:23]} exf4 {[%clk
00:15:11]} {[%emt 00:00:20]} 56. f3 {[%clk 00:40:41]} {[%emt 00:00:12]} Rb1
{[%clk 00:15:05]} {[%emt 00:00:35]} 57. Kf5 {[%clk 00:40:53]} {[%emt 00:00:19]}
Rh1 {[%clk 00:13:57]} {[%emt 00:01:38]} 58. Kg4 {[%clk 00:41:13]} {[%emt
00:00:09]} Rg1+ {[%clk 00:14:22]} {[%emt 00:00:06]} 59. Kh5 {[%clk 00:41:32]}
{[%emt 00:00:11]} Rg3 {[%clk 00:14:24]} {[%emt 00:00:28]} 60. Ra7+ {[%clk
00:41:46]} {[%emt 00:00:16]} Kf6 {[%clk 00:12:23]} {[%emt 00:02:31]} 61. Ra6+
{[%clk 00:41:30]} {[%emt 00:00:47]} Ke7 {[%clk 00:11:29]} {[%emt 00:01:23]} 62.
Kxh6 {[%clk 00:38:50]} {[%emt 00:03:10]} g4 {[%clk 00:04:43]} {[%emt 00:07:16]}
63. hxg4 {[%clk 00:38:24]} {[%emt 00:00:55]} Rxf3 {[%clk 00:05:07]} {[%emt
00:00:06]} 64. Kg5 {[%clk 00:36:24]} {[%emt 00:02:31]} Rf1 {[%clk 00:04:53]}
{[%emt 00:00:44]} 65. Kf5 {[%clk 00:36:29]} {[%emt 00:00:25]} f3 {[%clk
00:04:45]} {[%emt 00:00:38]} 66. Ke4 {[%clk 00:36:52]} {[%emt 00:00:08]} f2
{[%clk 00:04:32]} {[%emt 00:00:42]} 67. Ke3 {[%clk 00:37:18]} {[%emt 00:00:04]}
Rg1 {[%clk 00:04:22]} {[%emt 00:00:40]} 68. Kxf2 {[%clk 00:37:43]} {[%emt
00:00:05]} Rxg4 {[%clk 00:04:07]} {[%emt 00:00:10]} 1/2-1/2

[Event "ODJM C 2024"]
[Site "Willingen GER"]
[Date "2024.05.25"]
[Round "9"]
[White "Nguyen Trung, Atticus"]
[Black "Döscher, Rasmus"]
[Result "0-1"]
[Termination "normal"]
[Board "9"]
[WhiteElo "1581"]
[BlackElo "1503"]
[WhiteClock "00:52:40"]
[BlackClock "01:12:20"]
[PlyCount "86"]
[WhiteFideId "34670041"]
[BlackFideId "34625038"]
[EventCountry "GER"]
[EventRounds "9"]
[EventType "swiss"]
[EventDate "2024.05.18"]

1. e4 {[%clk 01:30:56]} {[%emt 00:00:03]} c6 {[%clk 01:30:39]} {[%emt
00:00:21]} 2. d4 {[%clk 01:31:20]} {[%emt 00:00:07]} d5 {[%clk 01:30:56]}
{[%emt 00:00:13]} 3. exd5 {[%clk 01:31:38]} {[%emt 00:00:12]} cxd5 {[%clk
01:30:57]} {[%emt 00:00:29]} 4. Bd3 {[%clk 01:32:00]} {[%emt 00:00:07]} Nc6
{[%clk 01:30:41]} {[%emt 00:00:46]} 5. c3 {[%clk 01:32:11]} {[%emt 00:00:19]}
Nf6 {[%clk 01:30:07]} {[%emt 00:01:05]} 6. Bf4 {[%clk 01:31:56]} {[%emt
00:00:44]} Bg4 {[%clk 01:29:12]} {[%emt 00:01:25]} 7. f3 {[%clk 01:28:09]}
{[%emt 00:04:17]} Bh5 {[%clk 01:28:35]} {[%emt 00:01:06]} 8. Nd2 {[%clk
01:26:59]} {[%emt 00:01:41]} e6 {[%clk 01:27:53]} {[%emt 00:01:13]} 9. Ne2
{[%clk 01:22:54]} {[%emt 00:04:33]} Bd6 {[%clk 01:27:25]} {[%emt 00:00:59]} 10.
Qc2 {[%clk 01:16:34]} {[%emt 00:06:50]} O-O {[%clk 01:25:58]} {[%emt 00:01:57]}
11. O-O {[%clk 01:12:57]} {[%emt 00:04:05]} Qc7 {[%clk 01:25:04]} {[%emt
00:01:27]} 12. Bxd6 {[%clk 01:11:09]} {[%emt 00:02:18]} Qxd6 {[%clk 01:25:23]}
{[%emt 00:00:09]} 13. Ng3 {[%clk 01:09:47]} {[%emt 00:01:53]} Bg6 {[%clk
01:22:28]} {[%emt 00:03:25]} 14. Nb3 {[%clk 01:02:41]} {[%emt 00:07:36]} Rac8
{[%clk 01:21:04]} {[%emt 00:01:54]} 15. Rac1 {[%clk 01:01:08]} {[%emt
00:02:00]} Nb4 {[%clk 01:20:57]} {[%emt 00:00:41]} 16. Qd1 {[%clk 00:59:50]}
{[%emt 00:01:44]} Nxd3 {[%clk 01:20:51]} {[%emt 00:00:38]} 17. Ra1 {[%clk
00:59:54]} {[%emt 00:00:27]} Nxb2 {[%clk 01:20:50]} {[%emt 00:00:32]} 18. Qd2
{[%clk 00:59:48]} {[%emt 00:00:32]} Nc4 {[%clk 01:21:07]} {[%emt 00:00:16]} 19.
Qe1 {[%clk 00:59:56]} {[%emt 00:00:14]} Rfe8 {[%clk 01:19:24]} {[%emt
00:02:22]} 20. f4 {[%clk 00:59:14]} {[%emt 00:01:10]} Ng4 {[%clk 01:18:13]}
{[%emt 00:01:41]} 21. Rf3 {[%clk 00:58:41]} {[%emt 00:01:03]} Nf6 {[%clk
01:16:28]} {[%emt 00:02:17]} 22. Nc5 {[%clk 00:58:32]} {[%emt 00:00:35]} b6
{[%clk 01:15:47]} {[%emt 00:01:14]} 23. Nd3 {[%clk 00:58:11]} {[%emt 00:00:47]}
Ne4 {[%clk 01:14:49]} {[%emt 00:01:31]} 24. Ne5 {[%clk 00:57:30]} {[%emt
00:01:10]} Nxe5 {[%clk 01:14:24]} {[%emt 00:00:58]} 25. fxe5 {[%clk 00:57:46]}
{[%emt 00:00:14]} Qc6 {[%clk 01:13:47]} {[%emt 00:01:06]} 26. Ne2 {[%clk
00:57:32]} {[%emt 00:00:43]} Bh5 {[%clk 01:13:50]} {[%emt 00:00:28]} 27. Re3
{[%clk 00:56:18]} {[%emt 00:01:42]} Bxe2 {[%clk 01:14:09]} {[%emt 00:00:13]}
28. Qxe2 {[%clk 00:56:37]} {[%emt 00:00:10]} Nxc3 {[%clk 01:13:51]} {[%emt
00:00:49]} 29. Qg4 {[%clk 00:56:24]} {[%emt 00:00:42]} Ne4 {[%clk 01:13:57]}
{[%emt 00:00:25]} 30. Rae1 {[%clk 00:55:46]} {[%emt 00:01:03]} Qc4 {[%clk
01:13:03]} {[%emt 00:01:30]} 31. Rf1 {[%clk 00:54:21]} {[%emt 00:01:53]} Qxd4
{[%clk 01:12:39]} {[%emt 00:00:55]} 32. Qf3 {[%clk 00:54:05]} {[%emt 00:00:43]}
Re7 {[%clk 01:11:33]} {[%emt 00:01:39]} 33. Qf4 {[%emt 00:02:45]} Rec7 {[%emt
00:00:38]} 34. Rfe1 {[%clk 00:52:21]} {[%emt 00:00:21]} Rc1 {[%clk 01:11:03]}
{[%emt 00:00:30]} 35. Qf1 {[%clk 00:50:29]} {[%emt 00:02:13]} Rxe1 {[%clk
01:09:58]} {[%emt 00:01:44]} 36. Qxe1 {[%clk 00:50:38]} {[%emt 00:00:19]} Rc3
{[%clk 01:10:20]} {[%emt 00:00:11]} 37. Kh1 {[%clk 00:50:31]} {[%emt 00:00:36]}
Qxe3 {[%clk 01:10:30]} {[%emt 00:00:21]} 38. Qxe3 {[%clk 00:50:54]} {[%emt
00:00:07]} Rxe3 {[%clk 01:10:49]} {[%emt 00:00:11]} 39. h3 {[%clk 00:51:17]}
{[%emt 00:00:06]} d4 {[%clk 01:10:54]} {[%emt 00:00:25]} 40. Kg1 {[%clk
00:51:35]} {[%emt 00:00:12]} d3 {[%clk 01:11:20]} {[%emt 00:00:05]} 41. Kh1
{[%clk 00:52:01]} {[%emt 00:00:04]} d2 {[%clk 01:11:44]} {[%emt 00:00:05]} 42.
Kg1 {[%clk 00:52:25]} {[%emt 00:00:04]} d1=Q+ {[%clk 01:11:53]} {[%emt
00:00:24]} 43. Kh2 {[%clk 00:52:40]} {[%emt 00:00:14]} Nf2 {[%clk 01:12:20]}
{[%emt 00:00:04]} 0-1

[Event "ODJM C 2024"]
[Site "Willingen GER"]
[Date "2024.05.25"]
[Round "9"]
[White "Jamalli, Ali"]
[Black "Savchuk, Andrej"]
[Result "0-1"]
[Termination "normal"]
[Board "11"]
[WhiteElo "1544"]
[BlackElo "1576"]
[WhiteClock "00:51:17"]
[BlackClock "00:50:26"]
[PlyCount "66"]
[WhiteFideId "34691464"]
[BlackFideId "34621180"]
[EventCountry "GER"]
[EventRounds "9"]
[EventType "swiss"]
[EventDate "2024.05.18"]

1. e4 {[%clk 01:30:56]} {[%emt 00:00:03]} d5 {[%clk 01:30:41]} {[%emt
00:00:19]} 2. exd5 {[%clk 01:30:54]} {[%emt 00:00:33]} Nf6 {[%clk 01:30:47]}
{[%emt 00:00:24]} 3. Nf3 {[%emt 00:00:57]} Qxd5 {[%clk 01:30:32]} {[%emt
00:00:43]} 4. Nc3 {[%clk 01:30:43]} {[%emt 00:00:16]} Qd8 {[%clk 01:27:32]}
{[%emt 00:03:30]} 5. Bc4 {[%clk 01:28:08]} {[%emt 00:03:05]} Nc6 {[%clk
01:24:48]} {[%emt 00:03:14]} 6. d4 {[%clk 01:26:04]} {[%emt 00:02:34]} Bg4
{[%clk 01:22:03]} {[%emt 00:03:15]} 7. h3 {[%clk 01:25:42]} {[%emt 00:00:53]}
Bxf3 {[%clk 01:19:58]} {[%emt 00:02:34]} 8. Qxf3 {[%clk 01:25:57]} {[%emt
00:00:14]} Qxd4 {[%clk 01:18:49]} {[%emt 00:01:39]} 9. Bd3 {[%clk 01:23:27]}
{[%emt 00:03:01]} O-O-O {[%clk 01:15:06]} {[%emt 00:04:13]} 10. Be3 {[%clk
01:22:30]} {[%emt 00:01:27]} Qd7 {[%clk 01:14:01]} {[%emt 00:01:35]} 11. O-O
{[%clk 01:19:02]} {[%emt 00:03:57]} Ne5 {[%clk 01:09:51]} {[%emt 00:04:37]} 12.
Qe2 {[%clk 01:10:28]} {[%emt 00:09:07]} Nxd3 {[%clk 01:09:37]} {[%emt
00:00:44]} 13. Rad1 {[%clk 01:10:13]} {[%emt 00:00:46]} Qc6 {[%clk 01:06:49]}
{[%emt 00:03:15]} 14. Rxd3 {[%clk 01:08:02]} {[%emt 00:02:43]} Rxd3 {[%clk
01:06:49]} {[%emt 00:00:30]} 15. Qxd3 {[%clk 01:08:18]} {[%emt 00:00:14]} e6
{[%clk 01:07:02]} {[%emt 00:00:12]} 16. Rd1 {[%clk 01:07:49]} {[%emt 00:01:04]}
Be7 {[%clk 01:06:04]} {[%emt 00:01:28]} 17. Qe2 {[%clk 01:05:10]} {[%emt
00:03:09]} Rd8 {[%clk 00:59:39]} {[%emt 00:06:53]} 18. Rxd8+ {[%clk 01:05:06]}
{[%emt 00:00:36]} Bxd8 {[%clk 00:59:47]} {[%emt 00:00:22]} 19. Nb5 {[%clk
01:04:56]} {[%emt 00:00:40]} Qa6 {[%clk 00:55:10]} {[%emt 00:05:05]} 20. Nxa7+
{[%clk 01:02:31]} {[%emt 00:02:56]} Kd7 {[%clk 00:54:22]} {[%emt 00:01:16]} 21.
Qxa6 {[%clk 00:56:48]} {[%emt 00:06:17]} bxa6 {[%clk 00:54:22]} {[%emt
00:00:29]} 22. a4 {[%clk 00:54:35]} {[%emt 00:02:43]} Nd5 {[%clk 00:52:19]}
{[%emt 00:02:33]} 23. Bd4 {[%clk 00:53:28]} {[%emt 00:01:37]} Bf6 {[%clk
00:51:31]} {[%emt 00:01:18]} 24. Bxf6 {[%clk 00:51:34]} {[%emt 00:02:23]} gxf6
{[%clk 00:51:19]} {[%emt 00:00:42]} 25. c4 {[%clk 00:52:00]} {[%emt 00:00:05]}
Nb6 {[%clk 00:50:40]} {[%emt 00:01:10]} 26. b3 {[%clk 00:51:07]} {[%emt
00:01:23]} c5 {[%clk 00:50:49]} {[%emt 00:00:20]} 27. a5 {[%clk 00:50:57]}
{[%emt 00:00:40]} Na8 {[%clk 00:51:00]} {[%emt 00:00:19]} 28. Nb5 {[%clk
00:50:14]} {[%emt 00:01:13]} axb5 {[%clk 00:51:10]} {[%emt 00:00:20]} 29. cxb5
{[%clk 00:50:30]} {[%emt 00:00:14]} Kc7 {[%clk 00:51:37]} {[%emt 00:00:04]} 30.
b6+ {[%clk 00:50:52]} {[%emt 00:00:08]} Nxb6 {[%clk 00:51:30]} {[%emt
00:00:36]} 31. axb6+ {[%clk 00:51:15]} {[%emt 00:00:07]} Kxb6 {[%clk 00:51:51]}
{[%emt 00:00:08]} 32. Kf1 {[%clk 00:51:38]} {[%emt 00:00:08]} Kb5 {[%emt
00:00:07]} 33. Ke2 {[%clk 00:51:17]} {[%emt 00:00:50]} Kb4 {[%clk 00:50:26]}
{[%emt 00:02:19]} 0-1